[Event "FRA-chJM7"]
[Site "Rochefort"]
[Date "1998.??.??"]
[EventDate "1998.??.??"]
[Round "1"]
[Result "1/2-1/2"]
[White "Maxime Vachier-Lagrave"]
[Black "Julien Hirth"]
[WhiteElo "2637"]
[BlackElo "2082"]
[PlyCount "58"]

1. e4 e6 2. d4 d5 3. e5 c5 4. c3 Nc6 5. Nf3 Qb6 6. Bd3 cxd4
7. cxd4 Bd7 8. Be2 Nge7 9. b3 Nf5 10. Bb2 Bb4+ 11. Kf1 O-O
12. a4 a6 13. h4 Rac8 14. Na3 Na5 15. g4 Nh6 16. Qd3 Be7
17. Bd1 f6 18. exf6 gxf6 19. g5 Nf5 20. gxf6 Bxf6 21. Rb1 Nc6
22. Nc2 Rce8 23. Rg1+ Kh8 24. Rg4 e5 25. dxe5 Bxe5 26. Nxe5
Nxe5 27. Bxe5+ Rxe5 28. Qc3 Ng7 29. Qd4 Qf6 1/2-1/2

[Event "FRA-chT U18"]
[Site "France"]
[Date "1999.??.??"]
[EventDate "1999.??.??"]
[Round "5"]
[Result "0-1"]
[White "Mathilde Choisy"]
[Black "Maxime Vachier-Lagrave"]
[WhiteElo "2158"]
[BlackElo "2637"]
[PlyCount "86"]

1. e4 c5 2. Nf3 Nc6 3. d4 cxd4 4. Nxd4 g6 5. Nc3 Bg7 6. Be3
Nf6 7. Bc4 Qa5 8. O-O O-O 9. Qd2 Nxe4 10. Nxe4 Qxd2 11. Nxd2
Nxd4 12. Bxd4 Bxd4 13. c3 Bg7 14. Rfe1 e6 15. Nf3 d5 16. Bb3
Bd7 17. Rad1 b5 18. Ne5 Bxe5 19. Rxe5 Rfc8 20. f3 a5 21. a3
Kg7 22. Kf2 Kf6 23. f4 Rcb8 24. Rd4 Rb6 25. g4 Rab8 26. h4 b4
27. axb4 axb4 28. c4 dxc4 29. Bxc4 Ke7 30. f5 f6 31. Re3 e5
32. fxg6 hxg6 33. g5 Bf5 34. gxf6+ Kxf6 35. Rd5 Rc6 36. Bb3 e4
37. Kg3 Rc1 38. Re2 Rb6 39. Kf4 Rf1+ 40. Kg3 Rf3+ 41. Kg2 Rxb3
42. Rf2 e3 43. Re2 Be4+ 0-1

[Event "Val Thorens op"]
[Site "Val Thorens"]
[Date "1999.??.??"]
[EventDate "1999.??.??"]
[Round "?"]
[Result "1-0"]
[White "Fabien Libiszewski"]
[Black "Maxime Vachier-Lagrave"]
[WhiteElo "2486"]
[BlackElo "2637"]
[PlyCount "93"]

1. e4 c5 2. d3 d5 3. Nd2 Nf6 4. g3 e6 5. Ngf3 g6 6. Bg2 Bg7
7. O-O O-O 8. Re1 Nc6 9. c3 b6 10. exd5 exd5 11. Nf1 Bb7
12. Bf4 Qd7 13. Ne5 Nxe5 14. Bxe5 Ne8 15. Bxg7 Nxg7 16. Ne3
Rad8 17. d4 f5 18. dxc5 bxc5 19. Qb3 Ba8 20. Rad1 c4 21. Qc2
Qb5 22. Rd2 Rd7 23. Red1 Rfd8 24. b3 Bc6 25. bxc4 dxc4
26. Bxc6 Qxc6 27. Rxd7 Rxd7 28. Rxd7 Qxd7 29. Nxc4 Ne6 30. Qe2
Qd5 31. Ne3 Qe5 32. Qd3 Nc5 33. Qd4 Qxd4 34. cxd4 Nd7 35. Kf1
Kf7 36. Ke2 Ke6 37. Kd3 Nb6 38. Kc3 Kd7 39. Kb4 Kc6 40. d5+
Kb7 41. Kc5 Kc7 42. Nc4 Nd7+ 43. Kd4 a6 44. Ne5 Nf6 45. f3 Kd6
46. Nc4+ Kd7 47. Kc5 1-0

[Event "Val Thorens op"]
[Site "Val Thorens"]
[Date "1999.??.??"]
[EventDate "1999.??.??"]
[Round "?"]
[Result "1/2-1/2"]
[White "Maxime Vachier-Lagrave"]
[Black "Ioan Cosma"]
[WhiteElo "2637"]
[BlackElo "2482"]
[PlyCount "123"]

1. e4 c5 2. Nc3 Nc6 3. g3 g6 4. Bg2 Bg7 5. d3 d6 6. Be3 Rb8
7. Qd2 b5 8. Nge2 Nd4 9. O-O b4 10. Nd1 e5 11. c3 bxc3
12. bxc3 Nxe2+ 13. Qxe2 Ne7 14. Nb2 O-O 15. Nc4 Qc7 16. Rfb1
Be6 17. Qc2 f5 18. f3 f4 19. Bf2 g5 20. Rxb8 Rxb8 21. Rb1 h5
22. Rxb8+ Qxb8 23. Qb3 Qc7 24. Qb5 Bd7 25. Qb3 Kf8 26. gxf4
gxf4 27. Bh4 Be6 28. Qb5 Nc6 29. Bf2 Ke7 30. Kf1 Bf6 31. Ke2
Bd7 32. Qb3 Na5 33. Nxa5 Qxa5 34. Be1 Qa6 35. Kd2 Be6 36. c4
Bd7 37. Kc1 Qc8 38. Qb2 Qg8 39. h4 a5 40. Kb1 a4 41. a3 Bc8
42. Kc1 Kf7 43. Kb1 Be7 44. Ka1 Be6 45. Kb1 Qc8 46. Kc1 Qd8
47. Qf2 Bd7 48. Bf1 Qc8 49. Bg2 Bh3 50. Bxh3 Qxh3 51. Kc2 Bd8
52. Kc1 Qh1 53. Kc2 Ke6 54. Kb2 Kd7 55. Ka2 Kc6 56. Kb2 Kb7
57. Ka2 Ka6 58. Qb2 Ka7 59. Qb5 Qxe1 60. Qd7+ Ka6 61. Qb5+ Ka7
62. Qd7+ 1/2-1/2

[Event "FRA-ch U10"]
[Site "Romans-sur-Isere FRA"]
[Date "1999.04.15"]
[EventDate "1999.??.??"]
[Round "1"]
[Result "0-1"]
[White "Francois Brethes"]
[Black "Maxime Vachier-Lagrave"]
[WhiteElo "2180"]
[BlackElo "2637"]
[PlyCount "88"]

1. e4 c5 2. Nf3 d6 3. Bb5+ Bd7 4. Bxd7+ Nxd7 5. O-O Ngf6
6. Nc3 g6 7. d4 Bg7 8. Bg5 cxd4 9. Qxd4 O-O 10. Rfe1 Re8
11. Rad1 a6 12. b3 Qc7 13. e5 dxe5 14. Nxe5 Nxe5 15. Qxe5 Rac8
16. Qxc7 Rxc7 17. Bxf6 Bxf6 18. Nd5 Rc6 19. g3 Kg7 20. c4 e6
21. Nxf6 Kxf6 22. Rd7 Re7 23. Rd8 e5 24. Kg2 e4 25. Rd5 Rce6
26. Re3 Re5 27. Rd6+ Kg5 28. h4+ Kg4 29. Rf6 Rf5 30. Rxf5 gxf5
31. Kh2 Rd7 32. Kg2 Rd2 33. a4 b6 34. Kf1 Rc2 35. Kg2 a5
36. Re1 Rc3 37. Re3 Rxe3 38. fxe3 h5 39. b4 axb4 40. a5 b3
41. a6 b2 42. a7 b1=Q 43. a8=Q Qc2+ 44. Kg1 Kf3 0-1

[Event "FRA-ch U10"]
[Site "Romans"]
[Date "1999.04.15"]
[EventDate "1999.??.??"]
[Round "5"]
[Result "0-1"]
[White "Maxime Vachier-Lagrave"]
[Black "Edouard Bonnet"]
[WhiteElo "2637"]
[BlackElo "2249"]
[PlyCount "24"]

1. e4 c5 2. Nc3 e6 3. g3 d5 4. Bg2 d4 5. Nce2 Nc6 6. f4 d3
7. cxd3 Qxd3 8. Nh3 Nd4 9. Nxd4 Qxd4 10. d3 c4 11. dxc4 Bb4+
12. Kf1 Qxd1+ 0-1

[Event "FRA-ch U10"]
[Site "Romans"]
[Date "1999.04.15"]
[EventDate "1999.??.??"]
[Round "6"]
[Result "0-1"]
[White "Timothee Heinz"]
[Black "Maxime Vachier-Lagrave"]
[WhiteElo "2324"]
[BlackElo "2637"]
[PlyCount "70"]

1. e4 c5 2. Nf3 Nc6 3. d4 cxd4 4. Nxd4 Nf6 5. Nc3 g6 6. Be2
Bg7 7. Nb3 d6 8. O-O O-O 9. Re1 a6 10. a4 Be6 11. Bf1 Rc8
12. Nd5 Ne5 13. Nxf6+ Bxf6 14. Bh6 Re8 15. Nd4 Bc4 16. Bxc4
Nxc4 17. b3 Qb6 18. c3 Na5 19. b4 Rxc3 20. Ne2 Nc6 21. Nxc3
Bxc3 22. b5 axb5 23. axb5 Ne5 24. Be3 Qd8 25. Bd4 Bxe1
26. Qxe1 Qd7 27. Qe2 Rc8 28. Rd1 Nc4 29. Rc1 Qxb5 30. Qd2 e5
31. Bxe5 dxe5 32. Qd3 Qb2 33. Qf1 b5 34. h3 Qd4 35. Qe2 b4 0-1

[Event "Wch U10"]
[Site "Oropesa del Mar"]
[Date "1999.10.24"]
[EventDate "1999.??.??"]
[Round "2"]
[Result "0-1"]
[White "Maxime Vachier-Lagrave"]
[Black "Li Haoyu"]
[WhiteElo "2637"]
[BlackElo "2314"]
[PlyCount "80"]

1. e4 c5 2. Nc3 Nc6 3. g3 g6 4. Bg2 Bg7 5. d3 e6 6. Be3 d6
7. Qd2 Rb8 8. Nge2 Nd4 9. O-O Ne7 10. Nc1 O-O 11. Nd1 b5
12. c3 Ndc6 13. Bh6 b4 14. Bxg7 Kxg7 15. Ne2 d5 16. Qc2 Qa5
17. Ne3 Rd8 18. f4 Qb6 19. Rfb1 Ba6 20. exd5 Nxd5 21. Nxd5
exd5 22. Kh1 Ne7 23. Ng1 Nf5 24. Nf3 Ne3 25. Qd2 d4 26. cxd4
cxd4 27. Re1 Bb7 28. Nh4 Nxg2 29. Nxg2 Re8 30. Kg1 Qc6 31. h3
Rxe1+ 32. Rxe1 Rc8 33. Kh2 a5 34. Nh4 Qc2 35. Re2 Qb1 36. Ng2
Rc1 37. g4 Rh1+ 38. Kg3 Qg1 39. Re4 Qh2+ 40. Kf2 Rg1 0-1

[Event "Wch U10"]
[Site "Oropesa del Mar"]
[Date "1999.10.24"]
[EventDate "1999.??.??"]
[Round "7"]
[Result "1-0"]
[White "Dmitry Andreikin"]
[Black "Maxime Vachier-Lagrave"]
[WhiteElo "2573"]
[BlackElo "2637"]
[PlyCount "97"]

1. e4 c5 2. Nf3 g6 3. d4 cxd4 4. Qxd4 Nf6 5. Bb5 Nc6 6. Bxc6
bxc6 7. e5 Nd5 8. O-O Bg7 9. Qh4 d6 10. Bh6 O-O 11. c4 Nb6
12. Ng5 f6 13. exf6 exf6 14. Bxg7 fxg5 15. Qh6 Rf7 16. Bc3
Nxc4 17. Nd2 Nxd2 18. Bxd2 Ba6 19. Rfe1 Qf6 20. f3 Qxb2
21. Qxg5 Raf8 22. Rac1 Bb5 23. Re6 Qxa2 24. Rxd6 Qa3 25. Re6
Qd3 26. Bc3 Qf5 27. Qe3 Qf4 28. Qe1 Qg5 29. Kh1 Bc4 30. Re5
Qd8 31. Bb4 Bd5 32. Bxf8 Rxf8 33. Re7 Qd6 34. Rxa7 Qb8 35. Re7
Qb2 36. Qc3 Rb8 37. Rg7+ Kf8 38. Qxb2 Rxb2 39. Rxh7 c5 40. Rd7
Be6 41. Rc7 c4 42. h4 Ke8 43. Kh2 Kd8 44. Rc5 Kd7 45. Kg3 Kd6
46. Ra5 Rb3 47. h5 gxh5 48. Rxh5 c3 49. Kf4 1-0

[Event "Wch U10"]
[Site "Oropesa del Mar"]
[Date "1999.10.24"]
[EventDate "1999.??.??"]
[Round "9"]
[Result "0-1"]
[White "Piotr Brodowski"]
[Black "Maxime Vachier-Lagrave"]
[WhiteElo "2426"]
[BlackElo "2637"]
[PlyCount "86"]

1. d4 Nf6 2. c4 c5 3. d5 b5 4. e3 Bb7 5. Nf3 d6 6. Be2 Nbd7
7. O-O g6 8. b3 Bg7 9. Bb2 Rb8 10. Qc2 O-O 11. Nbd2 e6 12. e4
Re8 13. Rae1 Ba6 14. Ba1 bxc4 15. bxc4 exd5 16. Qa4 Bxc4
17. Bxc4 dxc4 18. Qxc4 Qc7 19. Qd3 Qc6 20. e5 dxe5 21. Bxe5
Rbd8 22. Qc2 Nxe5 23. Nxe5 Qe6 24. Ndc4 Rd4 25. Nd2 Qd5
26. Nef3 Rde4 27. Rxe4 Nxe4 28. Rd1 Qa8 29. Nc4 Nc3 30. Rd3
Qe4 31. Ncd2 Qb4 32. h3 a5 33. Nf1 a4 34. Ne3 a3 35. Nd2 Bd4
36. Nb3 f5 37. Qd2 Bg7 38. Nc2 Ne2+ 39. Kf1 Qb8 40. g3 c4
41. Rd7 cxb3 42. Qd5+ Kh8 43. Qf7 Rg8 0-1

[Event "Wch U10"]
[Site "Oropesa del Mar"]
[Date "1999.10.24"]
[EventDate "1999.??.??"]
[Round "11"]
[Result "0-1"]
[White "Maxime Vachier-Lagrave"]
[Black "Valentina Golubenko"]
[WhiteElo "2637"]
[BlackElo "2316"]
[PlyCount "74"]

1. e4 c5 2. Nf3 Nc6 3. Bb5 e6 4. O-O Nge7 5. c3 a6 6. Ba4 b5
7. Bc2 d5 8. e5 d4 9. cxd4 cxd4 10. Be4 Bb7 11. d3 g6 12. Nbd2
Bg7 13. Nb3 Qb6 14. Re1 O-O 15. Bg5 Nf5 16. Qd2 h6 17. Bf6 Kh7
18. Rac1 Bxf6 19. exf6 Rad8 20. Nc5 Ba8 21. Bxf5 exf5 22. Re7
Rd6 23. Nd7 Rxd7 24. Rxd7 Nb8 25. Rdc7 Nc6 26. Ng5+ hxg5
27. Qxg5 Nd8 28. Rc8 Bb7 29. Qh4+ Kg8 30. R8c5 Re8 31. g4 Qxc5
32. Qh6 Qf8 33. Qg5 Ne6 34. Qh4 Nf4 35. Rd1 Bf3 36. Rb1 Nxd3
37. gxf5 Re4 0-1

[Event "WCh U10 Boys"]
[Site "Oropesa del Mar ESP"]
[Date "1999.11.04"]
[EventDate "1999.10.24"]
[Round "10"]
[Result "0-1"]
[White "Maxime Vachier-Lagrave"]
[Black "Edouard Bonnet"]
[WhiteElo "2637"]
[BlackElo "2147"]
[PlyCount "91"]

1. e4 c5 2. Nf3 e6 3. d4 cxd4 4. Nxd4 Nf6 5. Bd3 Nc6 6. Be3 e5
7. Nxc6 bxc6 8. c4 Bb4+ 9. Nd2 d5 10. cxd5 Bxd2+ 11. Qxd2 cxd5
12. exd5 Qxd5 13. O-O Bb7 14. f3 O-O 15. Rfd1 Rfd8 16. Qb4 a5
17. Qh4 Kh8 18. Rd2 Qxd3 19. Rxd3 Rxd3 20. Bg5 Rd4 21. Qe1 Nd7
22. Rd1 Nf8 23. Rxd4 exd4 24. Qe7 Bd5 25. a3 Kg8 26. b4 axb4
27. axb4 Ne6 28. Bh4 h6 29. b5 g5 30. Bg3 Bc4 31. Qb4 Ra1+
32. Be1 Bxb5 33. Kf2 Ra2+ 34. Bd2 Ba6 35. Kg3 d3 36. Kg4 Nf4
37. Kf5 Bc8+ 38. Ke4 Bb7+ 39. Qxb7 Rxd2 40. g3 Re2+ 41. Kf5 d2
42. Qd7 Ng2 43. Qd8+ Kg7 44. Qd4+ Kf8 45. Qd3 d1=Q 46. Qa3+
0-1

[Event "Arthur Andersen sim"]
[Site "France"]
[Date "2000.??.??"]
[EventDate "2000.??.??"]
[Round "?"]
[Result "1-0"]
[White "Michael Adams"]
[Black "Maxime Vachier-Lagrave"]
[WhiteElo "2755"]
[BlackElo "2637"]
[PlyCount "67"]

1. e4 c5 2. Nf3 g6 3. d4 cxd4 4. Nxd4 Bg7 5. c4 Nf6 6. Nc3 Nc6
7. Be3 O-O 8. Be2 d6 9. O-O Bd7 10. Qd2 Nxd4 11. Bxd4 Bc6
12. f3 a5 13. Rac1 a4 14. Rfd1 Nd7 15. Be3 Nc5 16. Nd5 Bxd5
17. cxd5 b6 18. Bb5 Qc7 19. Rc2 Qa7 20. Bc6 Rab8 21. Rb1 Rfc8
22. b4 Nb7 23. a3 Nd8 24. Rbc1 Qa6 25. b5 Qa7 26. Rc4 Nb7
27. Bxb7 Rxc4 28. Rxc4 Qxb7 29. Qc2 Kf8 30. Rxa4 Rc8 31. Rc4
Rxc4 32. Qxc4 Bf6 33. Qc6 Qb8 34. Qxb6 1-0

[Event "FRA-chT U20"]
[Site "Pau"]
[Date "2000.??.??"]
[EventDate "2000.??.??"]
[Round "4"]
[Result "0-1"]
[White "Timothee Heinz"]
[Black "Maxime Vachier-Lagrave"]
[WhiteElo "2324"]
[BlackElo "2637"]
[PlyCount "88"]

1. e4 c5 2. Nf3 g6 3. d4 cxd4 4. Nxd4 Bg7 5. Nc3 Nc6 6. Nb3
Nf6 7. Be2 O-O 8. O-O d6 9. Re1 b6 10. Bf1 Bb7 11. Bg5 Na5
12. Nxa5 bxa5 13. Qd2 Bc6 14. Bh6 Qc7 15. Bxg7 Kxg7 16. Rab1
Rfc8 17. Bd3 Rab8 18. Qe2 e6 19. Ba6 Bb7 20. Bxb7 Qxb7 21. f3
Qb4 22. Qe3 Rb7 23. a3 Qc4 24. Qe2 Qxe2 25. Nxe2 Rxc2 26. Nd4
Rcxb2 27. Rxb2 Rxb2 28. Nc6 Nd7 29. Rd1 Ne5 30. Nxe5 dxe5
31. Rd3 a4 32. Rd1 Rb3 33. Ra1 Kf8 34. Ra2 Ke7 35. Kf2 Kd6
36. Ke2 Kc5 37. Kd2 Kd4 38. h3 f5 39. Kc2 fxe4 40. fxe4 Kxe4
41. Kd2 Kf4 42. Ke2 Kg3 43. Kf1 Rb1+ 44. Ke2 Rg1 0-1

[Event "FRA-chT U20"]
[Site "Pau"]
[Date "2000.??.??"]
[EventDate "2000.??.??"]
[Round "5"]
[Result "1-0"]
[White "Maxime Vachier-Lagrave"]
[Black "Helder Frade-Marques"]
[WhiteElo "2637"]
[BlackElo "2317"]
[PlyCount "63"]

1. e4 c5 2. Nf3 Nc6 3. Bb5 e6 4. O-O Nge7 5. c3 d5 6. exd5
Qxd5 7. d4 cxd4 8. Nxd4 Bd7 9. Be2 Nxd4 10. cxd4 Nc6 11. Be3
Be7 12. Nc3 Qa5 13. a3 O-O 14. b4 Qd8 15. d5 exd5 16. Nxd5 Bd6
17. Qd2 Be6 18. Rfd1 Be5 19. Rac1 Bxd5 20. Qxd5 Qxd5 21. Rxd5
Bb2 22. Rc4 Bxa3 23. b5 Nd8 24. Rd7 Re8 25. Bf3 Re5 26. Bxb7
Nxb7 27. Rxb7 h6 28. g3 a5 29. b6 g5 30. Ra7 Ree8 31. Rxa8
Rxa8 32. b7 1-0

[Event "FRA-chT U20"]
[Site "Pau"]
[Date "2000.??.??"]
[EventDate "2000.??.??"]
[Round "8"]
[Result "1-0"]
[White "Edouard Bonnet"]
[Black "Maxime Vachier-Lagrave"]
[WhiteElo "2249"]
[BlackElo "2637"]
[PlyCount "115"]

1. e4 c5 2. Nf3 g6 3. d4 cxd4 4. Nxd4 Bg7 5. c4 Nf6 6. Nc3 Nc6
7. Be3 Ng4 8. Qxg4 Nxd4 9. Qd1 Ne6 10. Rc1 d6 11. Bd3 Bd7
12. b4 O-O 13. O-O b6 14. f4 a5 15. a3 Nd4 16. Ne2 Bg4 17. h3
Bxe2 18. Bxe2 e5 19. Bxd4 exd4 20. Bd3 Qd7 21. b5 Qc7 22. Qg4
Qc5 23. a4 Ra7 24. Qh4 f6 25. f5 g5 26. Qh5 Qa3 27. Rcd1 Qxa4
28. h4 gxh4 29. Qxh4 Qb4 30. Rf3 a4 31. Rh3 Bh8 32. Rf1 a3
33. Rff3 a2 34. Rfg3+ Rg7 35. Qxh7+ Kf7 36. Rxg7+ Bxg7
37. Qg6+ Ke7 38. Rh7 a1=Q+ 39. Kh2 Rf7 40. Rxg7 Rxg7 41. Qxg7+
Kd8 42. Qxf6+ Kc7 43. Qe7+ Kc8 44. e5 Qae1 45. Qe8+ Kc7
46. Qc6+ Kd8 47. Qxd6+ Ke8 48. Qb8+ Kf7 49. Qc7+ Ke8 50. Qc8+
Kf7 51. Qd7+ Kf8 52. Qd8+ Kf7 53. e6+ Kg7 54. Qe7+ Kh6
55. Qf6+ Kh7 56. Qf7+ Kh8 57. Qf8+ Kh7 58. f6+ 1-0

[Event "Noisy le Grand op"]
[Site "Noisy le Grand"]
[Date "2000.??.??"]
[EventDate "2000.??.??"]
[Round "6"]
[Result "1-0"]
[White "Valentin Lukov"]
[Black "Maxime Vachier-Lagrave"]
[WhiteElo "2469"]
[BlackElo "2637"]
[PlyCount "65"]

1. Nf3 d5 2. c4 e6 3. g3 Nf6 4. Bg2 Be7 5. O-O O-O 6. d4 c5
7. cxd5 Nxd5 8. Nc3 Nb6 9. dxc5 Bxc5 10. Qc2 Nc6 11. Rd1 Qc7
12. Ne4 Be7 13. Bf4 e5 14. Bxe5 Qxe5 15. Nxe5 Nxe5 16. Qc7 Nc6
17. Rac1 Bd8 18. Qf4 f5 19. Nc5 Bf6 20. b3 h6 21. Bxc6 bxc6
22. Qc7 Re8 23. Qxc6 Rxe2 24. Na4 Rxa2 25. Qxa8 Nxa8 26. Rxc8+
Kh7 27. Rxa8 Be7 28. Rd7 Bf6 29. Raxa7 Ra1+ 30. Kg2 Rb1
31. Nc5 Kg6 32. h4 f4 33. g4 1-0

[Event "Montpellier op 7th"]
[Site "Montpellier"]
[Date "2000.07.05"]
[EventDate "2000.??.??"]
[Round "1"]
[Result "0-1"]
[White "Maxime Vachier-Lagrave"]
[Black "Mladen Palac"]
[WhiteElo "2637"]
[BlackElo "2605"]
[PlyCount "128"]

1. e4 c5 2. Nf3 d6 3. d4 cxd4 4. Qxd4 a6 5. c4 Nf6 6. Nc3 e6
7. b3 Nbd7 8. Bb2 Be7 9. O-O-O Qc7 10. Qd2 b6 11. Kb1 Bb7
12. Bd3 Nc5 13. Rhe1 O-O 14. Bc2 Rad8 15. Nd4 Rfe8 16. f3 Nfd7
17. Qf2 Ne5 18. f4 Nc6 19. Nxc6 Bxc6 20. g4 b5 21. b4 Nd7
22. cxb5 axb5 23. g5 Nb6 24. h4 Nc4 25. f5 Bf8 26. f6 Rc8
27. Rd3 Qb6 28. Qxb6 Nxb6 29. Bb3 Nd7 30. Nd1 Ne5 31. Bxe5
dxe5 32. a3 gxf6 33. gxf6 Bh6 34. Nf2 Red8 35. Red1 Rxd3
36. Rxd3 Kf8 37. Kb2 Bf4 38. Bd1 Ke8 39. Bf3 Bg3 40. Ng4 Bxh4
41. Bg2 Rd8 42. Rxd8+ Kxd8 43. Kc2 Be8 44. Bf3 h5 45. Nh2 Bxf6
46. Bxh5 Bg5 47. Be2 Bc6 48. Bd3 f5 49. Nf3 Bf4 50. Nd2 Bxd2
51. Kxd2 Bxe4 52. Bxb5 Kc7 53. Be2 f4 54. a4 Bg2 55. Bg4 Bd5
56. a5 e4 57. Be2 e5 58. b5 e3+ 59. Kd3 f3 60. Bxf3 Bxf3
61. Kxe3 Bd5 62. Kd3 Kd6 63. b6 Kc5 64. b7 Bxb7 0-1

[Event "Montpellier op 7th"]
[Site "Montpellier"]
[Date "2000.07.05"]
[EventDate "2000.??.??"]
[Round "3"]
[Result "1-0"]
[White "Arnaud Hauchard"]
[Black "Maxime Vachier-Lagrave"]
[WhiteElo "2529"]
[BlackElo "2637"]
[PlyCount "83"]

1. e4 c5 2. Nf3 g6 3. d4 cxd4 4. Qxd4 Nf6 5. Nc3 Nc6 6. Qa4
Qc7 7. Nd5 Nxd5 8. exd5 Ne5 9. Bf4 Bg7 10. O-O-O O-O 11. Bxe5
Bxe5 12. Nxe5 Qxe5 13. d6 e6 14. g3 a6 15. Bg2 Qc5 16. Qd4
Qxd4 17. Rxd4 f5 18. Rhd1 Kf7 19. Rb4 Rb8 20. Rb6 e5 21. Rd5
Re8 22. Rc5 Kf6 23. Kd2 g5 24. a4 g4 25. a5 e4 26. Ke3 Re5
27. Rxe5 Kxe5 28. h3 h5 29. h4 Ra8 30. Bf1 Ra7 31. Bc4 Kf6
32. Kf4 Ra8 33. Bg8 Kg6 34. Bd5 Kf6 35. Ke3 Rb8 36. Kd4 Ra8
37. Bc4 Ra7 38. Rb3 Ra8 39. Bd5 Rb8 40. c4 Ra8 41. Kc5 Rb8
42. Kb6 1-0

[Event "Clichy Masters 11th"]
[Site "Clichy"]
[Date "2000.07.25"]
[EventDate "2000.??.??"]
[Round "1"]
[Result "1-0"]
[White "Petar Velikov"]
[Black "Maxime Vachier-Lagrave"]
[WhiteElo "2485"]
[BlackElo "2637"]
[PlyCount "111"]

1. Nf3 Nf6 2. g3 c5 3. c4 g6 4. Bg2 Bg7 5. O-O O-O 6. Nc3 Nc6
7. d4 cxd4 8. Nxd4 Ng4 9. e3 d6 10. Nde2 f5 11. b3 Be6 12. Bb2
Qd7 13. Qd2 Rfd8 14. h3 Nh6 15. Nd5 Rac8 16. Bxg7 Kxg7
17. Rfd1 Bg8 18. Rac1 e6 19. Ndc3 Qe7 20. Qb2 Kf8 21. Rd2 Rd7
22. Rcd1 Rcd8 23. Nd4 Nxd4 24. Rxd4 a6 25. a4 Nf7 26. f4 Nh6
27. a5 g5 28. R4d2 Nf7 29. Na4 h5 30. Nb6 Rc7 31. Re1 h4
32. gxh4 gxf4 33. exf4 Qxh4 34. Rxe6 Ne5 35. Rxe5 dxe5
36. Rxd8+ Qxd8 37. Qxe5 Rf7 38. Kh2 Qc7 39. Qd4 Rg7 40. b4 Qe7
41. c5 Be6 42. Qd6 Qxd6 43. cxd6 Ke8 44. Bf3 Kd8 45. h4 Ke8
46. h5 Kf8 47. Kh3 Kg8 48. h6 Rh7 49. Kh4 Rxh6+ 50. Kg5 Kg7
51. d7 Rg6+ 52. Kh4 Bxd7 53. Nxd7 Kh6 54. Ne5 Rg7 55. Bd5 Rc7
56. Be6 1-0

[Event "Clichy Masters 11th"]
[Site "Clichy"]
[Date "2000.07.25"]
[EventDate "2000.??.??"]
[Round "2"]
[Result "1-0"]
[White "Maxime Vachier-Lagrave"]
[Black "Yann Salaun"]
[WhiteElo "2637"]
[BlackElo "2405"]
[PlyCount "95"]

1. e4 c5 2. Nf3 e6 3. d3 Nc6 4. g3 d6 5. Bg2 Nf6 6. O-O Be7
7. c3 Bd7 8. Qe2 O-O 9. Ne1 d5 10. Nc2 b5 11. Re1 c4 12. exd5
exd5 13. dxc4 bxc4 14. Ne3 Qa5 15. Rd1 Be6 16. Nd2 Rac8
17. Nf3 h6 18. Nc2 Rfe8 19. Bf4 Bf5 20. Ncd4 Bd3 21. Rxd3 cxd3
22. Qxd3 Nxd4 23. Nxd4 Qb6 24. Nb3 Qe6 25. Rd1 Rcd8 26. Be3
Qd7 27. Nd4 Bc5 28. Nc2 Bxe3 29. Nxe3 Re5 30. Qd4 Rde8 31. Bf3
Qb7 32. b3 Qa6 33. Rd2 Qa3 34. Kg2 Qc1 35. Rd1 Qb2 36. Rd2 Qb1
37. Nxd5 Nxd5 38. Bxd5 Re1 39. Qf4 Rg1+ 40. Kf3 Qg6 41. h4
Rge1 42. Kg2 R8e5 43. c4 a6 44. c5 Rf5 45. Qc4 Rf6 46. c6 Qf5
47. c7 Re8 48. Bb7 1-0

[Event "Clichy Masters 11th"]
[Site "Clichy"]
[Date "2000.07.25"]
[EventDate "2000.??.??"]
[Round "4"]
[Result "1/2-1/2"]
[White "Maxime Vachier-Lagrave"]
[Black "Laurent Verat"]
[WhiteElo "2637"]
[BlackElo "2319"]
[PlyCount "31"]

1. e4 e5 2. Nf3 Nc6 3. Bb5 a6 4. Bxc6 dxc6 5. d4 exd4 6. Qxd4
Qxd4 7. Nxd4 c5 8. Ne2 Bd7 9. Nbc3 O-O-O 10. Bd2 Bd6 11. O-O-O
f5 12. Bf4 Bxf4+ 13. Nxf4 fxe4 14. Nxe4 b6 15. f3 Nh6 16. Ng3
1/2-1/2

[Event "Clichy Masters 11th"]
[Site "Clichy"]
[Date "2000.07.25"]
[EventDate "2000.??.??"]
[Round "5"]
[Result "0-1"]
[White "Grzegorz Lukasiewicz"]
[Black "Maxime Vachier-Lagrave"]
[WhiteElo "2308"]
[BlackElo "2637"]
[PlyCount "84"]

1. d4 Nf6 2. Nf3 d5 3. Bg5 Ne4 4. Bh4 Qd6 5. c3 Qh6 6. Bg3
Nxg3 7. fxg3 e6 8. Qd2 Qxd2+ 9. Nbxd2 f5 10. Ne5 Nd7 11. Nxd7
Bxd7 12. e3 Bd6 13. Be2 h5 14. Nf3 Ke7 15. Kf2 Kf6 16. h4 Rae8
17. Rad1 c5 18. c4 Bc6 19. dxc5 Bxc5 20. Nd4 Bxd4 21. Rxd4 Rd8
22. Rhd1 Rd7 23. Bf3 Ke5 24. Rc1 Rhd8 25. Rcd1 g6 26. R1d2 Rd6
27. Ke1 dxc4 28. Bxc6 bxc6 29. Rxd6 Rxd6 30. Rc2 Kd5 31. Ke2
a5 32. Rc3 c5 33. Ra3 Rb6 34. b3 cxb3 35. axb3 Rb5 36. Kd3 Kc6
37. Kc3 Kb6 38. Ra1 Rb4 39. Rd1 Rg4 40. Rd6+ Kb5 41. Rxe6 Rxg3
42. Kd2 Rxg2+ 0-1

[Event "Clichy Masters 11th"]
[Site "Clichy"]
[Date "2000.07.25"]
[EventDate "2000.??.??"]
[Round "6"]
[Result "0-1"]
[White "Maxime Vachier-Lagrave"]
[Black "Thal Abergel"]
[WhiteElo "2637"]
[BlackElo "2528"]
[PlyCount "132"]

1. e4 c5 2. Nf3 d6 3. d4 cxd4 4. Nxd4 Nf6 5. Nc3 Nc6 6. Bc4 e6
7. Be3 Be7 8. Qe2 a6 9. O-O-O Qc7 10. Bb3 Na5 11. g4 b5 12. g5
Nxb3+ 13. axb3 Nd7 14. Nf5 exf5 15. Nd5 Qd8 16. exf5 Bb7
17. f6 Bxd5 18. fxg7 Rg8 19. Rxd5 Rxg7 20. Qh5 Nb6 21. Rf5 Qc8
22. Qf3 Nd7 23. Re1 Ne5 24. Qe4 Rg6 25. Bd4 Qc6 26. Qe3 Re6
27. Bxe5 dxe5 28. Rxe5 Rc8 29. c3 Qd6 30. Rxe6 Qxe6 31. Qxe6
fxe6 32. Rxe6 Kf7 33. Rxa6 Bxg5+ 34. Kb1 Rc5 35. Ra5 Rf5
36. c4 Rxf2 37. Rxb5 Bf6 38. Rh5 Rxb2+ 39. Kc1 Kg6 40. Rh3 Ra2
41. b4 h5 42. c5 Rb2 43. Rg3+ Kh6 44. Rf3 Bd4 45. Kd1 Rxb4
46. c6 Be5 47. h3 Rc4 48. Ke2 Rxc6 49. Kf1 Kg5 50. Rd3 Kh4
51. Kg2 Rc2+ 52. Kg1 Bh2+ 53. Kh1 Bg3 54. Rd1 Kxh3 55. Kg1
Rg2+ 56. Kf1 h4 57. Rd4 Ra2 58. Rd1 Rf2+ 59. Kg1 Rg2+ 60. Kf1
Kh2 61. Rd2 h3 62. Rc2 Kh1 63. Rc3 Rf2+ 64. Ke1 Rf3+ 65. Ke2
Rxc3 66. Kf1 Rf3+ 0-1

[Event "Clichy Masters 11th"]
[Site "Clichy"]
[Date "2000.07.25"]
[EventDate "2000.??.??"]
[Round "7"]
[Result "1-0"]
[White "Ivan Radulov"]
[Black "Maxime Vachier-Lagrave"]
[WhiteElo "2505"]
[BlackElo "2637"]
[PlyCount "119"]

1. Nf3 c5 2. g3 Nc6 3. d4 cxd4 4. Nxd4 e5 5. Nxc6 dxc6
6. Qxd8+ Kxd8 7. Nc3 Be6 8. Bg2 f6 9. Bd2 Ne7 10. O-O-O Ng6
11. h4 h5 12. Be4 f5 13. Bg2 Be7 14. e4 Kc7 15. exf5 Bxf5
16. Be4 Rhf8 17. Bxf5 Rxf5 18. Ne4 Rd8 19. Be3 b6 20. Rxd8
Bxd8 21. Rd1 Be7 22. Kd2 Nf8 23. Ke2 Ne6 24. c3 g6 25. a4 a5
26. Kd3 Rf8 27. Kc2 Rb8 28. b3 Rf8 29. Rd2 Re8 30. Re2 Rf8
31. Kd1 Rd8+ 32. Rd2 Rb8 33. Kc2 Rf8 34. Re2 Rf7 35. Nd2 Bc5
36. Ne4 Be7 37. Kd3 Rf8 38. Kc4 Rb8 39. Rd2 Rd8 40. Rxd8 Nxd8
41. b4 axb4 42. cxb4 Nb7 43. Bd2 Nd6+ 44. Nxd6 Bxd6 45. Be3
Kb7 46. b5 Kc7 47. Kd3 Be7 48. Ke4 Bf6 49. f3 Bg7 50. Bd2 Bf6
51. Bc3 cxb5 52. axb5 Kd6 53. f4 Kc5 54. fxe5 Be7 55. Bd2 Kxb5
56. Kd5 Ka4 57. Bg5 Bf8 58. e6 b5 59. e7 Bxe7 60. Bxe7 1-0

[Event "Clichy Masters 11th"]
[Site "Clichy"]
[Date "2000.07.25"]
[EventDate "2000.??.??"]
[Round "8"]
[Result "1/2-1/2"]
[White "Jacques Elbilia"]
[Black "Maxime Vachier-Lagrave"]
[WhiteElo "2358"]
[BlackElo "2637"]
[PlyCount "54"]

1. d4 Nf6 2. Nf3 d5 3. c4 e6 4. e3 Be7 5. Nc3 O-O 6. Qc2 b6
7. Bd3 Na6 8. a3 c5 9. Qe2 cxd4 10. exd4 dxc4 11. Bxc4 Nc7
12. O-O Bb7 13. Rd1 Ncd5 14. Bd3 Rc8 15. Ne4 Qc7 16. Ne5 Nxe4
17. Qxe4 Nf6 18. Qh4 Ne4 19. Qg4 f5 20. Qe2 Bd6 21. f4 Bd5
22. Be3 Qe7 23. Rac1 g6 24. Rxc8 Rxc8 25. Rc1 Rxc1+ 26. Bxc1
Qc7 27. Be3 Kg7 1/2-1/2